MDQL
is popping MORE tags! Check the
thread
!
Quizzes
Events
Quiz Creation
Community
Videos
Private Events
Remove Ads
Sign In
Join for FREE
Feedback
Dark Mode
Quiz Categories
Sports
Geography
Music
Movies
Television
Just For Fun
Miscellaneous
History
Literature
Language
Science
Gaming
Entertainment
Religion
Holiday
For Kids
Quiz Lab
Recent
Popular Today
Quiz Kudos Today
Editor Picks
Curator Picks
Quizzes by...
Day
Popularity
Type
Ratings
Length
Year
Community
Subscriptions
Recent Discussions
Orange Saloon
Badges
Playlists
Quests
Create
Leaderboards
Showdown
Live 5
Trivia Bingo
Activity
Puzzle Library
Sporcle Events
Private Events
Virtual Trivia
Globe League
Become a Host
Pub Owners
SporcleCon
Opinionation
Our Games
Videos
Blog
Mobile Apps
Partnerships
Remove Ads and Go Orange
Feedback
Music
Pop Music
The Beatles
Song
Album
Lyrics
Bands
Singers
Artist
Clip
Rock
Rap
Classical
Billboard
Country Music
Kpop
Taylor Swift
Music
Pop Music
The Beatles
Song
Album
Lyrics
Bands
Singers
Artist
Clip
Rock
Rap
Classical
Billboard
Country Music
Kpop
Taylor Swift
Random Quiz
Search Sporcle
×
Quiz Lab
Quiz Lab
Music
Song
Type in answers that appear in a list
Type in answers that appear in a list
Classic
Best Score? Go Orange.
Someone New Hozier Lyrics Stats
Can you name the Someone New Hozier Lyrics?
By
98Cate
10m
172 Questions
1,195 Plays
1,195 Plays
1,195 Plays
Comments
Comments
Give Quiz Kudos
Give Quiz Kudos
-
- Ratings
hide this ad
Replay
Link that replays current quiz
Next Quiz
Link to next quiz in quiz playlist
You Got
0%
They Got
Avg Score
81%
Avg Friend Score
Upgrade to see
Score Distribution
Jump to the score distribution portion of the page
Score
0/172
Timer
10:00
0
Plays Today
Answer
% Correct
the
98.8%
a
98.8%
And
98.8%
a
98.8%
a
98.8%
the
98.8%
the
98.8%
the
98.8%
a
98.8%
98.8%
the
98.8%
and
98.8%
the
98.8%
98.8%
the
98.8%
the
98.8%
98.8%
in
97.7%
in
97.7%
in
97.7%
every
97.3%
love
97.3%
every
97.3%
love
97.3%
every
97.3%
love
97.3%
love
97.3%
every
97.3%
with
97.1%
fall
97.1%
with
97.1%
fall
97.1%
with
97.1%
fall
97.1%
with
97.1%
day
97%
day
97%
so
96.9%
someone
96.6%
someone
96.6%
someone
96.6%
new
96.1%
new
96.1%
little
96.1%
little
96.1%
little
96.1%
little
96.1%
some
96.1%
just
95.3%
just
95.3%
bit
94.6%
bit
94.6%
an
92.7%
way
91.4%
to
91.4%
way
91.4%
way
91.4%
to
91.4%
Answer
% Correct
to
91.4%
to
91.4%
way
91.4%
way
91.4%
I
91.3%
I
91.3%
I
91.3%
I
91.3%
I
91.3%
i
91.3%
I
91.3%
I
91.3%
you
90.9%
you
90.9%
you
90.9%
was
90%
was
90%
was
90%
there
89%
there
89%
do
89%
there
89%
there
89%
no
88.8%
no
88.8%
be
88.7%
be
88.7%
is
87.7%
is
87.7%
this
86.4%
that
86.2%
if
86.2%
if
86.2%
take
86.2%
knew
86.2%
right
85.7%
Honey
85.7%
right
85.7%
right
85.7%
honey
85.7%
right
85.7%
or
85.4%
wrong
85.2%
who
84.7%
Don't
84.6%
step
84.5%
strange
84.1%
ran
84.1%
stranger
82.9%
stranger
82.9%
stranger
82.9%
would
82%
would
82%
would
82%
black
81.8%
easier
81.8%
easier
81.8%
blue
81.7%
Answer
% Correct
Only
80.3%
of
80.1%
of
80.1%
of
80.1%
things
79.9%
things
79.9%
days
79.3%
any
78.4%
any
78.4%
there's
74.6%
art
73.2%
art
73.2%
like
71.1%
will
71%
life's
70.6%
choose
69.8%
imagine
69.6%
guess
67.7%
distractions
66.9%
perfections
66.4%
else
64.6%
better
64.6%
thrill
63.8%
for
63.3%
burning
63.3%
caress
63.3%
my
62.9%
how
62.5%
how
62.5%
morning
61.9%
through
60%
electing
59.8%
at
59.5%
first
58.8%
heart's
58.8%
already
58.7%
sweet
58.6%
escape
57.4%
God
56.1%
sinned
56%
scraping
55.8%
him
55.7%
somehow
55.5%
knows
55.1%
pure
54.3%
wake
53.1%
pray
51.7%
ol'
49.2%
ol'
49.2%
Cause
47%
cringe
46.1%
weight
36.7%
it
32.6%
yeah
18.5%
darker
16.7%
beneath
16%
Quiz Playlist
Details
Report
Send in Message
Add To Playlist
Classic:
Type in answers that appear in a list
Last Updated: Feb 16, 2017
Quiz Scoreboard
CHALLENGE
Sign Up to Join the Scoreboard
Show All
Scores
Hide
Comments
May contain spoilers
Recently Published
Street Fighter Characters
by Artimus82
Gaming
60s
9x9 Crossword: Cartoon Network
by jackfrog10
Miscellaneous
3m
College Basketball Coaching Resumes
by pancakes188
Sports
9m
More to Explore
Quiz From the Vault
Featured Blog Post
Where Did the Easter Bunny Come From?
hide this ad
You Might Also Like...
Tags
Lyrics Quiz
Song Quiz
2013
2014
Figure Out the Lyrics
Today's Top Quizzes in Music
Browse Music
hide this ad
Today's Top Quizzes in Song
Browse Song
Top Contributed Quizzes in Music
1
Taylor Swift All Songs (2024)
2
Guess the Artist- 70s Songs
3
7-to-1: Billboard Hot 100 #1 Hits of 2010s
4
Taylor Swift Logic Puzzle
5
Sorting Albums and Songs
6
KPOP LOGIC QUIZ
7
Guess the Taylor Swift song (Mystery Song)
8
Guess The Taylor Swift Lyrics Song #1
9
Billboard Blitz: ABBA
10
Billboard Blitz: The Beatles
Explore More
Trending Topics
Kpop
Anime
Marvel
Disney
NBA
Crossword
Harry Potter
Soccer
Song
The Office
NFL
Puzzle
Country
Pokémon
WWE
hide this ad
More By:
98Cate
Quiz
Plays
Rating
Category
Featured
Created
Someone New Hozier Lyrics
1,195
2.50
Music
Jun 24, 2015
Go to Creator's Profile
Score Distribution
Quiz Creator Spotlight
98Cate
Follow
Send a Message
Quizzes Created
-
Created Quiz Play Count
-
More By This Creator
Popular Quizzes Today
1
Find the US States - No Outlines Minefield
2
Find the Countries of Europe - No Outlines Minefield
3
The Countries of the World
4
Find the US States
5
Risky Map Clicking: Biggest States A-Z
6
US States
7
Popular People in 1961
8
Movies - When Are They Set?
More Music Quizzes
Sung Titles: Selena Gomez
Curator's Pick
Trending Quizzes
Risky Map Clicking: Least Populous States A-Z
1-10 Letter G Words
Risky Map Clicking: Next State Alphabetically
Adjectives in 80s TV Shows
The Seven Year Switch: Catherine
Recently Updated
Leaping Animals
pecheneg
Reality TV Shows (A-Z)
bhenderson79
Rickey Henderson's Hall of Fame Teammates
pecheneg
Champions League XIs: Arsenal
pecheneg
Quick Pick: Celebrities in WWE's Hall of Fame
aduchscher
A-Z Keypad Blitz II
pecheneg
Multiple Oscar Actors
pecheneg
Mystery Phrase Blitz: Oscar 'Best Actors'
pecheneg
F. Scott Fitzgerald Novels
LTH
Pick 3 Villains
ddd62291
Trending Topics
NBA
Marvel
Kpop
Anime
Crossword
Harry Potter
Disney
Pokémon
WWE
Song
NFL
The Office
Puzzle
Country
Soccer
Your Account Isn't Verified!
In order to create a playlist on Sporcle, you need to verify the email address you used during registration. Go to your
Sporcle Settings
to finish the process.
Report this User
Report this user for behavior that violates our
Community Guidelines
.
Details:
Send Report
Go to the Sporcle.com Mobile Site →
Comments